| 000 | 00434pab a2200133 454500 | ||
|---|---|---|---|
| 008 | 180718b xxu||||| |||| 00| 0 eng d | ||
| 100 | _aSridharan E. | ||
| 245 | _aJapan's changing political economy: domestic roots of changing international relations | ||
| 362 | _a29(37), 10 Sep 1994, p.2418-26 | ||
| 650 | _a International Relations | ||
| 650 | _aForeign Relations -- Japan | ||
| 773 | _aEconomic and Political Weekly | ||
| 909 | _a27312 | ||
| 999 |
_c27312 _d27312 |
||